[Event "DVM U20 2022"]
[Site "Münster GER"]
[Date "2022.12.30"]
[Round "7"]
[White "Dornieden, Jonas"]
[Black "Hoffmann, Kay"]
[Result "1/2-1/2"]
[Termination "normal"]
[Board "3.4"]
[WhiteElo "2073"]
[BlackElo "1708"]
[WhiteClock "00:22:05"]
[BlackClock "00:54:57"]
[WhiteTeam "SK Lehrte von 1919 e. V."]
[BlackTeam "Barnimer Schachfreunde im SV Stahl Finow e.V."]
[PlyCount "78"]
[WhiteFideId "1336460"]
[BlackFideId "16227000"]
[EventCountry "GER"]
[EventRounds "7"]
[EventType "team-swiss"]
[EventDate "2022.12.26"]

1. d4 {[%emt 0:00:02]} d5 {[%emt 0:00:19]} 2. c4 {[%emt 0:00:06]} c6 {[%emt
0:00:39]} 3. Nf3 {[%emt 0:00:12]} Nf6 {[%emt 0:00:14]} 4. Nc3 {[%emt 0:00:26]}
g6 {[%emt 0:00:36]} 5. Bf4 {[%emt 0:10:30]} Bg7 {[%emt 0:00:55]} 6. e3 {[%emt
0:01:52]} O-O {[%emt 0:00:49]} 7. h3 {[%emt 0:00:33]} Nbd7 {[%emt 0:04:18]} 8.
cxd5 {[%emt 0:04:34]} Nxd5 {[%emt 0:00:39]} 9. Nxd5 {[%emt 0:01:24]} cxd5
{[%emt 0:00:05]} 10. Qd2 {[%emt 0:06:53]} Nf6 {[%emt 0:07:31]} 11. Bd3 {[%emt
0:03:09]} b6 {[%emt 0:02:09]} 12. O-O {[%emt 0:01:26]} Bb7 {[%emt 0:01:48]} 13.
Rac1 {[%emt 0:01:20]} Rc8 {[%emt 0:00:35]} 14. Rxc8 {[%emt 0:01:08]} Qxc8
{[%emt 0:00:05]} 15. Rc1 {[%emt 0:01:19]} Qa8 {[%emt 0:01:25]} 16. Rc7 {[%emt
0:07:40]} e6 {[%emt 0:03:05]} 17. Qc2 {[%emt 0:02:28]} Rc8 {[%emt 0:04:05]} 18.
Ne5 {[%emt 0:13:06]} Nh5 {[%emt 0:03:26]} 19. Bh2 {[%emt 0:06:31]} Bxe5 {[%emt
0:01:21]} 20. Bxe5 {[%emt 0:00:15]} Bc6 {[%emt 0:00:57]} 21. Rxc8 {[%emt
0:03:26]} Qxc8 {[%emt 0:00:07]} 22. a4 {[%emt 0:00:44]} Qd7 {[%emt 0:04:46]}
23. Bb5 {[%emt 0:02:17]} Bxb5 {[%emt 0:00:59]} 24. axb5 {[%emt 0:00:03]} Ng7
{[%emt 0:04:31]} 25. Qc6 {[%emt 0:01:45]} Qe7 {[%emt 0:00:48]} 26. Bd6 {[%emt
0:03:43]} Qe8 {[%emt 0:00:28]} 27. g4 {[%emt 0:01:56]} Qd8 {[%emt 0:01:41]} 28.
Kg2 {[%emt 0:02:23]} Ne8 {[%emt 0:01:05]} 29. Be5 {[%emt 0:01:39]} Kf8 {[%emt
0:00:39]} 30. Bf4 Ke7 31. g5 Qd7 32. Qxd7 Kxd7 33. Be5 Nd6 34. Bxd6 Kxd6 35.
Kg3 e5 36. Kg4 Ke6 37. f4 exd4 38. exd4 f5 39. Kf3 Kd6 1/2-1/2

[Event "DVM U20 2022"]
[Site "Münster GER"]
[Date "2022.12.30"]
[Round "7"]
[White "Schulz, Jannis"]
[Black "Weigand, Anton"]
[Result "0-1"]
[Termination "normal"]
[Board "3.5"]
[WhiteElo "1731"]
[BlackElo "1948"]
[WhiteClock "00:35:30"]
[BlackClock "00:32:43"]
[WhiteTeam "Barnimer Schachfreunde im SV Stahl Finow e.V."]
[BlackTeam "SK Lehrte von 1919 e. V."]
[PlyCount "64"]
[WhiteFideId "16224710"]
[BlackFideId "16221915"]
[EventCountry "GER"]
[EventRounds "7"]
[EventType "team-swiss"]
[EventDate "2022.12.26"]

1. d4 {[%emt 0:00:02]} d5 {[%emt 0:00:13]} 2. c4 {[%emt 0:00:20]} e6 {[%emt
0:00:14]} 3. Nc3 {[%emt 0:00:08]} Nf6 {[%emt 0:00:12]} 4. cxd5 {[%emt 0:00:46]}
exd5 {[%emt 0:00:22]} 5. Bg5 {[%emt 0:00:05]} Nbd7 {[%emt 0:01:12]} 6. e3
{[%emt 0:00:50]} Be7 {[%emt 0:00:54]} 7. Nf3 {[%emt 0:03:44]} O-O {[%emt
0:00:10]} 8. Bd3 {[%emt 0:04:17]} c6 {[%emt 0:00:21]} 9. O-O {[%emt 0:02:51]}
Ne4 {[%emt 0:06:11]} 10. Bxe7 {[%emt 0:04:58]} Qxe7 {[%emt 0:00:23]} 11. Nd2
{[%emt 0:02:33]} f5 {[%emt 0:06:32]} 12. Qe2 {[%emt 0:11:33]} Qb4 {[%emt
0:09:00]} 13. Ndxe4 {[%emt 0:01:41]} fxe4 {[%emt 0:00:21]} 14. Bb1 {[%emt
0:00:05]} Nf6 {[%emt 0:01:55]} 15. h3 {[%emt 0:01:53]} Bd7 {[%emt 0:05:23]} 16.
a3 {[%emt 0:04:32]} Qd6 {[%emt 0:02:12]} 17. Bc2 {[%emt 0:02:11]} g5 {[%emt
0:06:32]} 18. f3 {[%emt 0:02:13]} exf3 {[%emt 0:17:29]} 19. Qxf3 {[%emt
0:17:09]} Ng4 {[%emt 0:04:42]} 20. Qxf8 {[%emt 0:04:13]} Rxf8 {[%emt 0:00:08]}
21. Rxf8 {[%emt 0:00:09]} Qxf8 {[%emt 0:02:03]} 22. hxg4 {[%emt 0:00:05]} Bxg4
{[%emt 0:00:40]} 23. Rf1 {[%emt 0:00:27]} Qd6 {[%emt 0:01:48]} 24. e4 dxe4 25.
Nxe4 Qxd4 26. Kh1 Be2 27. Rf2 Bd3 28. Bb3 Bc4 29. Bc2 Kg7 30. Rd2 Qxb2 31. Rd7
Kf8 32. Bd1 Bd5 0-1

[Event "DVM U20 2022"]
[Site "Münster GER"]
[Date "2022.12.30"]
[Round "7"]
[White "Kieselbach, Jannik"]
[Black "Beyer, Clemens"]
[Result "1/2-1/2"]
[Termination "normal"]
[Board "3.6"]
[WhiteElo "1854"]
[BlackElo "1768"]
[WhiteClock "00:29:31"]
[BlackClock "00:46:46"]
[WhiteTeam "SK Lehrte von 1919 e. V."]
[BlackTeam "Barnimer Schachfreunde im SV Stahl Finow e.V."]
[PlyCount "132"]
[WhiteFideId "16246403"]
[BlackFideId "16245407"]
[EventCountry "GER"]
[EventRounds "7"]
[EventType "team-swiss"]
[EventDate "2022.12.26"]

1. e4 {[%emt 0:00:01]} c6 {[%emt 0:00:04]} 2. c4 {[%emt 0:00:14]} d5 {[%emt
0:00:24]} 3. exd5 {[%emt 0:00:07]} cxd5 {[%emt 0:00:05]} 4. cxd5 {[%emt
0:00:08]} Nf6 {[%emt 0:00:39]} 5. Qa4 {[%emt 0:00:35]} Bd7 {[%emt 0:01:12]} 6.
Qb3 {[%emt 0:00:20]} Qc7 {[%emt 0:02:22]} 7. Nc3 {[%emt 0:00:44]} a6 {[%emt
0:02:05]} 8. Be2 {[%emt 0:02:48]} g6 {[%emt 0:06:04]} 9. Nf3 {[%emt 0:01:21]}
Bg7 {[%emt 0:00:55]} 10. O-O {[%emt 0:00:40]} O-O {[%emt 0:00:05]} 11. d4
{[%emt 0:04:30]} Bg4 {[%emt 0:05:14]} 12. h3 {[%emt 0:02:18]} Bf5 {[%emt
0:02:10]} 13. Be3 {[%emt 0:02:54]} Bc8 {[%emt 0:06:38]} 14. Rac1 {[%emt
0:01:01]} Qd8 {[%emt 0:03:05]} 15. Bf4 {[%emt 0:12:32]} Ne8 {[%emt 0:02:21]}
16. Bxb8 {[%emt 0:06:18]} Rxb8 {[%emt 0:00:46]} 17. Bxa6 {[%emt 0:00:21]} Bxh3
{[%emt 0:00:41]} 18. gxh3 {[%emt 0:01:21]} bxa6 {[%emt 0:00:26]} 19. Qa3 {[%emt
0:01:21]} Qd7 {[%emt 0:02:26]} 20. Kg2 {[%emt 0:01:17]} Nf6 {[%emt 0:02:54]}
21. Ne5 {[%emt 0:03:58]} Qf5 {[%emt 0:03:09]} 22. Nc6 {[%emt 0:02:55]} Nxd5
{[%emt 0:01:41]} 23. Nxd5 {[%emt 0:00:09]} Qxd5 {[%emt 0:00:32]} 24. Kh2 {[%emt
0:00:24]} Bf6 {[%emt 0:02:45]} 25. Nxb8 {[%emt 0:01:17]} Rxb8 {[%emt 0:00:35]}
26. Qc5 {[%emt 0:08:41]} Qe4 {[%emt 0:04:18]} 27. b3 {[%emt 0:13:10]} Bxd4
{[%emt 0:02:29]} 28. Qc6 {[%emt 0:00:48]} Qf4 {[%emt 0:01:49]} 29. Kh1 {[%emt
0:03:01]} Rb5 30. Qc8 Kg7 31. Qg4 Qf6 32. Rc4 Ba7 33. Rf4 Qe5 34. Re4 Qd5 35.
Qe2 Qd6 36. f4 e6 37. Qb2 Kg8 38. Rc1 Rc5 39. Rec4 Rxc4 40. bxc4 Qxf4 41. c5
Bb8 42. c6 Bc7 43. Qc2 e5 44. Rd1 e4 45. Re1 e3 46. Qe2 Qe5 47. Rb1 f5 48. a4
Kg7 49. Qb2 Kf6 50. Qxe5 Kxe5 51. Kg2 Kd5 52. Re1 Ke4 53. Rb1 f4 54. Rb4 Kd5
55. Kf3 g5 56. Rb1 Kxc6 57. Rc1 Kd6 58. Rd1 Ke6 59. Rc1 Be5 60. Rc6 Bd6 61.
Rxa6 h5 62. Rb6 g4 63. hxg4 hxg4 64. Kxg4 e2 65. Rb1 Bb4 66. Kxf4 e1=Q 1/2-1/2

[Event "DVM U20 2022"]
[Site "Münster GER"]
[Date "2022.12.30"]
[Round "7"]
[White "Runte, Moritz"]
[Black "Biermann, Lenhard"]
[Result "0-1"]
[Termination "normal"]
[Board "4.1"]
[WhiteElo "2187"]
[BlackElo "2086"]
[WhiteClock "00:33:26"]
[BlackClock "00:37:14"]
[WhiteTeam "Schachverein Hemer 1932"]
[BlackTeam "Schachgesellschaft Bochum 1931"]
[PlyCount "108"]
[WhiteFideId "12991449"]
[BlackFideId "12970077"]
[EventCountry "GER"]
[EventRounds "7"]
[EventType "team-swiss"]
[EventDate "2022.12.26"]

1. e4 {[%emt 0:00:03]} e6 {[%emt 0:00:02]} 2. d4 {[%emt 0:00:09]} d5 {[%emt
0:00:02]} 3. Nd2 {[%emt 0:00:08]} Nf6 {[%emt 0:00:20]} 4. e5 {[%emt 0:00:05]}
Nfd7 {[%emt 0:00:04]} 5. Bd3 {[%emt 0:00:10]} c5 {[%emt 0:00:26]} 6. c3 {[%emt
0:00:06]} Nc6 {[%emt 0:00:03]} 7. Ne2 {[%emt 0:00:12]} cxd4 {[%emt 0:00:09]} 8.
cxd4 {[%emt 0:00:05]} f6 {[%emt 0:00:05]} 9. exf6 {[%emt 0:00:11]} Nxf6 {[%emt
0:00:03]} 10. O-O {[%emt 0:00:21]} Bd6 {[%emt 0:00:11]} 11. Nf3 {[%emt
0:00:12]} O-O {[%emt 0:01:18]} 12. Bf4 {[%emt 0:00:18]} Bxf4 {[%emt 0:00:31]}
13. Nxf4 {[%emt 0:00:07]} Ne4 {[%emt 0:00:36]} 14. Ne2 {[%emt 0:00:19]} a6
{[%emt 0:11:30]} 15. Rc1 {[%emt 0:08:32]} Ng5 {[%emt 0:21:50]} 16. Ne5 {[%emt
0:03:38]} Bd7 {[%emt 0:01:39]} 17. f4 {[%emt 0:04:02]} Nf7 {[%emt 0:06:26]} 18.
Qb3 {[%emt 0:06:46]} Nfxe5 {[%emt 0:06:47]} 19. dxe5 {[%emt 0:02:58]} b5 {[%emt
0:01:52]} 20. Bb1 {[%emt 0:14:01]} Qb6 {[%emt 0:01:29]} 21. Kh1 {[%emt
0:00:18]} b4 {[%emt 0:05:26]} 22. Rf3 {[%emt 0:13:48]} Ne7 {[%emt 0:03:27]} 23.
Rh3 {[%emt 0:01:21]} g6 {[%emt 0:00:31]} 24. Rd1 {[%emt 0:11:10]} Rac8 25. Qg3
Bb5 26. Ng1 Rc4 27. Qg5 Rf7 28. f5 exf5 29. e6 Qxe6 30. Re3 Qd6 31. Rde1 Rc7
32. Nf3 d4 33. Re6 Qd7 34. Rb6 Nc6 35. Nh4 Re7 36. Rg1 Rg7 37. a4 Bc4 38. Rc1
Qe7 39. Qg3 Bd5 40. Rxa6 Rc8 41. Ra5 f4 42. Qf2 Qd7 43. Rac5 Rf8 44. Nf3 Re7
45. Bd3 Ne5 46. Qxd4 Bxf3 47. Bc4 Kh8 48. Bd5 Bxd5 49. Rxd5 Qf5 50. Re1 Rfe8
51. Qxb4 f3 52. Qc3 fxg2 53. Kxg2 Kg8 54. Qb3 Qg4 0-1

[Event "DVM U20 2022"]
[Site "Münster GER"]
[Date "2022.12.30"]
[Round "7"]
[White "Biermann, Florian"]
[Black "Leonard, Timo"]
[Result "1-0"]
[Termination "normal"]
[Board "4.2"]
[WhiteElo "2113"]
[BlackElo "2174"]
[WhiteClock "00:46:13"]
[BlackClock "00:38:16"]
[WhiteTeam "Schachgesellschaft Bochum 1931"]
[BlackTeam "Schachverein Hemer 1932"]
[PlyCount "38"]
[WhiteFideId "12970069"]
[BlackFideId "16208757"]
[EventCountry "GER"]
[EventRounds "7"]
[EventType "team-swiss"]
[EventDate "2022.12.26"]

1. d4 {[%clk 01:30:57]} {[%emt 00:00:03]} d5 {[%clk 01:30:51]} {[%emt
00:00:09]} 2. c4 {[%clk 01:31:16]} {[%emt 00:00:11]} c6 {[%clk 01:31:04]}
{[%emt 00:00:18]} 3. Nf3 {[%clk 01:31:37]} {[%emt 00:00:09]} Nf6 {[%clk
01:31:30]} {[%emt 00:00:04]} 4. Nbd2 {[%clk 01:30:12]} {[%emt 00:01:55]} Bf5
{[%clk 01:31:00]} {[%emt 00:01:00]} 5. Nh4 {[%clk 01:26:28]} {[%emt 00:04:14]}
Be4 {[%clk 01:31:19]} {[%emt 00:00:11]} 6. Qb3 {[%clk 01:26:12]} {[%emt
00:00:45]} Qb6 {[%clk 01:17:26]} {[%emt 00:14:23]} 7. f3 {[%clk 01:26:06]}
{[%emt 00:00:37]} Bg6 {[%clk 01:14:53]} {[%emt 00:03:03]} 8. Qxb6 {[%clk
01:25:33]} {[%emt 00:01:03]} axb6 {[%clk 01:12:50]} {[%emt 00:02:33]} 9. Nxg6
{[%clk 01:25:46]} {[%emt 00:00:16]} hxg6 {[%clk 01:13:09]} {[%emt 00:00:12]}
10. cxd5 {[%clk 01:25:49]} {[%emt 00:00:28]} cxd5 {[%clk 01:13:35]} {[%emt
00:00:04]} 11. e3 {[%clk 01:24:19]} {[%emt 00:01:59]} Nc6 {[%clk 01:10:33]}
{[%emt 00:03:32]} 12. Bb5 {[%clk 01:21:48]} {[%emt 00:03:00]} e6 {[%clk
01:07:37]} {[%emt 00:03:26]} 13. Nb3 {[%clk 01:18:56]} {[%emt 00:03:22]} Bd6
{[%clk 01:05:34]} {[%emt 00:02:33]} 14. h3 {[%clk 01:13:42]} {[%emt 00:05:44]}
g5 {[%clk 01:03:50]} {[%emt 00:02:13]} 15. O-O {[%clk 01:07:19]} {[%emt
00:06:54]} Ke7 {[%clk 00:51:26]} {[%emt 00:12:54]} 16. Bd2 {[%clk 01:01:44]}
{[%emt 00:06:05]} Nh5 {[%clk 00:42:25]} {[%emt 00:09:31]} 17. Rfc1 {[%clk
00:56:27]} {[%emt 00:05:47]} Na7 {[%clk 00:40:30]} {[%emt 00:02:25]} 18. Bd3
{[%clk 00:54:49]} {[%emt 00:02:08]} f5 {[%clk 00:38:11]} {[%emt 00:02:49]} 19.
g4 {[%clk 00:46:13]} {[%emt 00:09:06]} Nf6 {[%clk 00:38:16]} {[%emt 00:00:24]}
*

[Event "DVM U20 2022"]
[Site "Münster GER"]
[Date "2022.12.30"]
[Round "7"]
[White "Trinh, Fabian Dat"]
[Black "Prieb, Robert"]
[Result "1/2-1/2"]
[Termination "normal"]
[Board "4.3"]
[BlackTitle "CM"]
[WhiteElo "1852"]
[BlackElo "2114"]
[WhiteClock "00:25:55"]
[BlackClock "00:38:40"]
[WhiteTeam "Schachverein Hemer 1932"]
[BlackTeam "Schachgesellschaft Bochum 1931"]
[PlyCount "42"]
[WhiteFideId "16243641"]
[BlackFideId "16212002"]
[EventCountry "GER"]
[EventRounds "7"]
[EventType "team-swiss"]
[EventDate "2022.12.26"]

1. d4 Nf6 {[%emt 0:00:11]} 2. Nc3 {[%emt 0:00:16]} d5 {[%emt 0:00:36]} 3. Bf4
{[%emt 0:00:10]} g6 {[%emt 0:01:01]} 4. e3 {[%emt 0:02:22]} Bg7 {[%emt
0:00:30]} 5. Nb5 {[%emt 0:00:42]} Na6 {[%emt 0:00:35]} 6. h3 {[%emt 0:00:48]}
O-O {[%emt 0:01:17]} 7. Nf3 {[%emt 0:01:55]} c6 {[%emt 0:02:27]} 8. Nc3 {[%emt
0:00:33]} Nc7 {[%emt 0:04:29]} 9. Be2 {[%emt 0:01:57]} b6 {[%emt 0:04:16]} 10.
a4 {[%emt 0:04:33]} Bb7 {[%emt 0:05:52]} 11. a5 {[%emt 0:05:42]} Ne6 {[%emt
0:05:38]} 12. Be5 {[%emt 0:04:07]} c5 {[%emt 0:05:45]} 13. axb6 {[%emt
0:11:43]} axb6 {[%emt 0:00:55]} 14. O-O {[%emt 0:04:21]} Rxa1 {[%emt 0:07:49]}
15. Qxa1 {[%emt 0:00:24]} Qa8 {[%emt 0:00:43]} 16. Bb5 {[%emt 0:09:57]} Ne4
{[%emt 0:05:48]} 17. Bxg7 {[%emt 0:13:02]} Kxg7 {[%emt 0:00:37]} 18. Ne2 {[%emt
0:10:40]} Nc7 {[%emt 0:12:18]} 19. Bd3 {[%emt 0:00:53]} Nd6 20. c3 f6 21. b3
Bc6 1/2-1/2

[Event "DVM U20 2022"]
[Site "Münster GER"]
[Date "2022.12.30"]
[Round "7"]
[White "Gluma, Christian"]
[Black "Naumenko, Valerija"]
[Result "1-0"]
[Termination "normal"]
[Board "4.4"]
[WhiteElo "2069"]
[BlackElo "1788"]
[WhiteClock "01:21:29"]
[BlackClock "01:29:13"]
[WhiteTeam "Schachgesellschaft Bochum 1931"]
[BlackTeam "Schachverein Hemer 1932"]
[PlyCount "31"]
[WhiteFideId "16223209"]
[BlackFideId "16222890"]
[EventCountry "GER"]
[EventRounds "7"]
[EventType "team-swiss"]
[EventDate "2022.12.26"]

1. e4 {[%clk 01:30:57]} {[%emt 00:00:02]} e5 {[%clk 01:30:57]} {[%emt
00:00:03]} 2. Nf3 {[%clk 01:31:23]} {[%emt 00:00:04]} Nc6 {[%clk 01:31:24]}
{[%emt 00:00:04]} 3. Bc4 {[%clk 01:31:46]} {[%emt 00:00:06]} Bc5 {[%clk
01:31:50]} {[%emt 00:00:04]} 4. c3 {[%clk 01:32:12]} {[%emt 00:00:04]} Nf6
{[%clk 01:32:16]} {[%emt 00:00:04]} 5. d4 {[%clk 01:32:34]} {[%emt 00:00:08]}
exd4 {[%clk 01:32:41]} {[%emt 00:00:05]} 6. e5 {[%clk 01:33:01]} {[%emt
00:00:03]} d5 {[%clk 01:32:56]} {[%emt 00:00:16]} 7. Bb5 {[%clk 01:33:26]}
{[%emt 00:00:05]} Ne4 {[%clk 01:33:15]} {[%emt 00:00:11]} 8. cxd4 {[%clk
01:33:51]} {[%emt 00:00:05]} Bb6 {[%clk 01:33:22]} {[%emt 00:00:23]} 9. Nc3
{[%clk 01:34:01]} {[%emt 00:00:20]} Nxc3 {[%clk 01:32:45]} {[%emt 00:01:07]}
10. bxc3 {[%clk 01:34:25]} {[%emt 00:00:06]} O-O {[%clk 01:31:21]} {[%emt
00:01:55]} 11. O-O {[%clk 01:30:03]} {[%emt 00:04:51]} Ne7 {[%clk 01:30:06]}
{[%emt 00:01:45]} 12. Ba3 {[%clk 01:20:14]} {[%emt 00:10:20]} c6 {[%clk
01:28:54]} {[%emt 00:01:42]} 13. Bd3 {[%clk 01:20:21]} {[%emt 00:00:23]} Bg4
{[%clk 01:29:05]} {[%emt 00:00:18]} 14. Bxh7 {[%clk 01:20:41]} {[%emt
00:00:10]} Kxh7 {[%clk 01:28:55]} {[%emt 00:00:41]} 15. Ng5 {[%clk 01:21:05]}
{[%emt 00:00:05]} Kg8 {[%clk 01:29:13]} {[%emt 00:00:12]} 16. Qxg4 {[%clk
01:21:29]} {[%emt 00:00:06]} 1-0

[Event "DVM U20 2022"]
[Site "Münster GER"]
[Date "2022.12.30"]
[Round "7"]
[White "Poggemann, Alexander"]
[Black "Hofmann, Benjamin"]
[Result "1-0"]
[Termination "normal"]
[Board "4.5"]
[WhiteElo "1717"]
[BlackElo "1772"]
[WhiteClock "00:25:12"]
[BlackClock "00:41:55"]
[WhiteTeam "Schachverein Hemer 1932"]
[BlackTeam "Schachgesellschaft Bochum 1931"]
[PlyCount "59"]
[WhiteFideId "16224167"]
[BlackFideId "16270266"]
[EventCountry "GER"]
[EventRounds "7"]
[EventType "team-swiss"]
[EventDate "2022.12.26"]

1. d4 {[%emt 0:00:04]} d5 {[%emt 0:00:12]} 2. Nf3 {[%emt 0:00:09]} e6 {[%emt
0:00:10]} 3. e3 {[%emt 0:00:09]} Nf6 {[%emt 0:00:32]} 4. Bd3 {[%emt 0:00:10]}
Bd6 {[%emt 0:00:41]} 5. O-O {[%emt 0:00:32]} c6 {[%emt 0:00:31]} 6. b3 {[%emt
0:00:15]} Nbd7 {[%emt 0:00:30]} 7. Bb2 {[%emt 0:00:16]} O-O {[%emt 0:01:17]} 8.
Ne5 {[%emt 0:02:40]} Ne4 {[%emt 0:02:29]} 9. f3 {[%emt 0:03:48]} Bxe5 {[%emt
0:03:04]} 10. dxe5 {[%emt 0:08:24]} Nec5 {[%emt 0:00:23]} 11. Be2 {[%emt
0:01:32]} Qc7 {[%emt 0:07:52]} 12. f4 {[%emt 0:01:32]} Ne4 {[%emt 0:02:20]} 13.
Nd2 {[%emt 0:02:32]} f5 {[%emt 0:03:14]} 14. exf6 {[%emt 0:08:38]} Nexf6 {[%emt
0:03:45]} 15. c4 {[%emt 0:23:44]} e5 {[%emt 0:04:34]} 16. fxe5 {[%emt 0:02:17]}
Nxe5 {[%emt 0:00:26]} 17. cxd5 {[%emt 0:00:40]} Nxd5 {[%emt 0:01:37]} 18. Rxf8
{[%emt 0:08:44]} Kxf8 {[%emt 0:01:05]} 19. Nc4 {[%emt 0:02:48]} Nxc4 {[%emt
0:04:17]} 20. Bxc4 {[%emt 0:00:29]} Be6 {[%emt 0:01:55]} 21. Qd4 {[%emt
0:05:11]} Rd8 {[%emt 0:11:10]} 22. Qe4 {[%emt 0:01:41]} b5 {[%emt 0:07:34]} 23.
Qxe6 bxc4 24. Rf1 Nf6 25. Bxf6 gxf6 26. Qxf6 Kg8 27. Rf5 h6 28. Qxh6 Rd1 29.
Kf2 Rd2 30. Kf3 1-0

[Event "DVM U20 2022"]
[Site "Münster GER"]
[Date "2022.12.30"]
[Round "7"]
[White "Wichmann, Luc"]
[Black "Trinh, Felix Toan"]
[Result "1/2-1/2"]
[Termination "normal"]
[Board "4.6"]
[WhiteElo "1292"]
[BlackElo "1594"]
[WhiteClock "00:46:40"]
[BlackClock "00:28:15"]
[WhiteTeam "Schachgesellschaft Bochum 1931"]
[BlackTeam "Schachverein Hemer 1932"]
[PlyCount "49"]
[WhiteFideId "16274539"]
[BlackFideId "34640134"]
[EventCountry "GER"]
[EventRounds "7"]
[EventType "team-swiss"]
[EventDate "2022.12.26"]

1. d4 {[%emt 0:00:09]} Nf6 {[%emt 0:00:12]} 2. Bf4 {[%emt 0:00:04]} d5 {[%emt
0:00:24]} 3. Nd2 {[%emt 0:01:17]} c5 {[%emt 0:02:38]} 4. c3 {[%emt 0:02:42]}
Nc6 {[%emt 0:01:32]} 5. e3 {[%emt 0:01:44]} e6 {[%emt 0:00:44]} 6. Ngf3 {[%emt
0:01:56]} Bd6 {[%emt 0:04:17]} 7. Bg3 {[%emt 0:04:40]} O-O {[%emt 0:03:49]} 8.
Be2 {[%emt 0:01:30]} b6 {[%emt 0:05:16]} 9. Rc1 {[%emt 0:02:55]} Bb7 {[%emt
0:06:20]} 10. O-O {[%emt 0:04:47]} Re8 {[%emt 0:06:00]} 11. Bxd6 {[%emt
0:04:40]} Qxd6 {[%emt 0:00:08]} 12. Bb5 {[%emt 0:00:04]} a6 {[%emt 0:08:25]}
13. Bxc6 {[%emt 0:05:11]} Bxc6 {[%emt 0:01:23]} 14. Ne5 {[%emt 0:00:07]} cxd4
{[%emt 0:10:44]} 15. cxd4 {[%emt 0:04:00]} Bb5 {[%emt 0:00:33]} 16. Re1 {[%emt
0:00:08]} Rec8 {[%emt 0:08:19]} 17. a3 {[%emt 0:04:50]} Nd7 {[%emt 0:01:59]}
18. Nxd7 {[%emt 0:05:29]} Bxd7 {[%emt 0:00:34]} 19. f4 {[%emt 0:00:06]} f6
{[%emt 0:04:03]} 20. Nf3 {[%emt 0:07:43]} Rxc1 {[%emt 0:02:49]} 21. Qxc1 {[%emt
0:00:07]} Rc8 {[%emt 0:00:09]} 22. Qd2 {[%emt 0:00:22]} Qc7 {[%emt 0:03:21]}
23. Kf2 Bb5 24. Rd1 Ba4 25. Re1 1/2-1/2

[Event "DVM U20 2022"]
[Site "Münster GER"]
[Date "2022.12.30"]
[Round "7"]
[White "Lohr, Maximilian"]
[Black "Nguyen, Alex Dac-Vuong"]
[Result "0-1"]
[Termination "normal"]
[Board "5.1"]
[BlackTitle "FM"]
[WhiteElo "2133"]
[BlackElo "2310"]
[WhiteClock "00:52:46"]
[BlackClock "00:26:44"]
[WhiteTeam "FC Ergolding 1932 e.V."]
[BlackTeam "Schachgemeinschaft Leipzig"]
[PlyCount "102"]
[WhiteFideId "12999717"]
[BlackFideId "12984388"]
[EventCountry "GER"]
[EventRounds "7"]
[EventType "team-swiss"]
[EventDate "2022.12.26"]

1. d4 {[%emt 0:00:03]} Nf6 {[%emt 0:00:06]} 2. Nc3 {[%emt 0:00:05]} d5 {[%emt
0:00:03]} 3. Bf4 {[%emt 0:00:05]} c5 {[%emt 0:04:06]} 4. e4 {[%emt 0:01:17]}
cxd4 {[%emt 0:00:15]} 5. Qxd4 {[%emt 0:00:06]} Nc6 {[%emt 0:00:04]} 6. Bb5
{[%emt 0:00:04]} Bd7 {[%emt 0:00:10]} 7. Bxc6 {[%emt 0:00:05]} Bxc6 {[%emt
0:00:05]} 8. e5 {[%emt 0:00:04]} Ne4 {[%emt 0:04:51]} 9. e6 {[%emt 0:00:07]}
Qb6 {[%emt 0:04:49]} 10. Qxb6 {[%emt 0:04:01]} axb6 {[%emt 0:00:08]} 11. Nxe4
{[%emt 0:00:04]} dxe4 {[%emt 0:00:08]} 12. exf7 {[%emt 0:00:31]} Kxf7 {[%emt
0:00:08]} 13. Ne2 {[%emt 0:02:02]} Kf6 {[%emt 0:03:26]} 14. O-O {[%emt
0:01:28]} e5 {[%emt 0:00:17]} 15. Be3 {[%emt 0:00:05]} b5 {[%emt 0:02:22]} 16.
Rfe1 {[%emt 0:07:02]} Bb4 {[%emt 0:05:02]} 17. c3 {[%emt 0:00:46]} Be7 {[%emt
0:00:05]} 18. a3 {[%emt 0:06:40]} h5 {[%emt 0:03:10]} 19. Rad1 {[%emt 0:05:30]}
Ke6 {[%emt 0:04:40]} 20. Nc1 {[%emt 0:05:48]} Bd5 {[%emt 0:01:16]} 21. Rd2
{[%emt 0:00:09]} Rhd8 {[%emt 0:20:43]} 22. Red1 {[%emt 0:00:13]} Bc4 {[%emt
0:04:34]} 23. Rxd8 {[%emt 0:00:19]} Bxd8 {[%emt 0:05:10]} 24. Rd2 {[%emt
0:01:32]} Be7 {[%emt 0:01:24]} 25. Ne2 {[%emt 0:03:22]} b4 {[%emt 0:10:38]} 26.
cxb4 {[%emt 0:06:54]} Bxb4 {[%emt 0:00:10]} 27. Rc2 {[%emt 0:00:03]} Bd3 {[%emt
0:00:11]} 28. Rc1 {[%emt 0:00:04]} Bxa3 {[%emt 0:00:41]} 29. Ra1 {[%emt
0:04:03]} Bxe2 {[%emt 0:00:21]} 30. Rxa3 {[%emt 0:00:26]} Rd8 {[%emt 0:00:09]}
31. h3 {[%emt 0:00:26]} Rd1 {[%emt 0:00:59]} 32. Kh2 {[%emt 0:00:08]} Rb1
{[%emt 0:00:04]} 33. Rb3 {[%emt 0:00:38]} b5 {[%emt 0:00:04]} 34. Rb4 Kf5 35.
Kg3 g5 36. Kh2 h4 37. Bb6 Bc4 38. Be3 Re1 39. Bb6 Re2 40. Kg1 Re1 41. Kh2 Re2
42. Kg1 Kf4 43. b3 Bd3 44. Bc5 g4 45. hxg4 h3 46. g5 Re1 47. Kh2 hxg2 48. Kxg2
Bf1 49. Kh2 Kf3 50. g6 Bg2 51. g7 Rh1# 0-1